000 00664nam a2200217Ia 4500
003 OSt
005 20220925193912.0
006 a|||||r|||| 00| 0
007 ta
008 220923b |||||||| |||| 00| 0 eng d
037 _cGeneral Book
040 _aRTL
_cRTL
_beng
041 _2eng
_aeng
082 _aR, M3/SC
100 _aGRENE Marjorie Ed.
_975801
245 0 _aDimensions of darurisim
_b Themes and counterthemes in twentieth- century evolutionary theory.
260 _aCambridge
_bCambridge University Press
_c1983
300 _aix, 336p.
_ccm.
942 _hR, M3/SC
_cGB
_2CC
999 _c527523
_d527523